000 00937nam a22002777a 4500
001 BR7601803
003 BR-BrBNA
005 20230928084935.0
007 ta
008 230509b bl.||||| |||| 00| 0 por d
040 _aBR-BrBNA
_bpor
_cBiblioteca Nacional de Agricultura
041 _a(Por)
072 _aA50
_b0230
_b/G514
090 _ 0230 BR7601803
100 1 _aCarvalho, L.C.C.
110 1 _aPrograma Nacional de Melhoramento da Cana-de-Acucar, Piracicaba, SP (Brasil). Coordenadoria Geral
_98029
245 1 _aA necessidade do conhecimento de dados para a formulacao de uma estrategia politica de pesquisa agro-canavieira nacional [Saccharum spp., Brasil]
260 3 _aPiracicaba, SP (Brasil):
_c1976.
300 _a35 p.
500 _a8 tables; 14 graphs; 16 ref.
650 _aPESQUISA AGRICOLA
650 _aCANA DE ACUCAR
650 _aPRODUCAO VEGETAL
909 _a202309
_bLucia
_c55
_dLucia Elande
942 _cBK
999 _c21997
_d21997